000 00583nam a2200229Ia 4500
003 OSt
005 20220927104931.0
006 a|||||r|||| 00| 0
007 ta
008 220926b |||||||| |||| 00| 0 eng d
024 _a196351
037 _cReference Collections
040 _aRTL
_cRTL
_beng
041 _2eng
_aeng
082 _a"P1, J2"
100 _aHayakawa S. I.
_9368674
245 0 _aLanguage In thought and Action
260 _c1952
300 _a"xxxiv,309p"
_ccm.
942 _h"P1, J2"
_cCC
999 _c689600
_d689600